01175nam a2200241Ia 450000100060000000300090000600800410001504000130005604000130006904100130008210000180009510000290011324500350014224500340017725000110021126000100022226000110023226000490024330000430029250005510033565000160088665000310090260341IT-RoPAU130308s9999 xx 000 0 und d aIT-RoPAU cIT-RoPAU aFRANCESE aEluerd Roland gCodice Aut. SPICS: 12758 aPragmatique linguistique (La) bPragmatique linguistique (La) a1a ed. aPARIS bNathan c1985 [1° Ed.:1985 - Ed.Ling.Originale:1985] a"224 p. (prefazione: no ; testo: 224)" aPragmatica Linguistica Linguistiche Non pragmatiche Esclusione degli Usi Ordinari del Linguaggio Esclusione dei Soggettoi parlanti e del Contesto Analisi di Emile Benveniste Enunciazione Estesa e ristretta Analisi dell'enunciazione Analisi di Charles S. peirce Contesto Ordinario Mondano Analisi di Leonard Bloomfield livello D'Entrata del Contesto Oswald Ducrot John R. Searle Antoine Culioli Usi Ordinari del Linguaggio Mito di una Lingua ideale Pragmatica degli Atti del Linguaggio John L. Austin John R. Searle strategie del Dialogo Ordinario aLINGUISTICA eCodice materia Spics: 3201